| Tag |
First Indicator |
Second Indicator |
Subfields |
| LEADER |
00000cam a2200000 a 4500 |
| 001 |
in00002551997 |
| 005 |
20151201151253.0 |
| 008 |
090902s2010 pauaf b 001 0 eng |
| 010 |
|
|
|a 2009036736
|
| 015 |
|
|
|a GBB012257
|2 bnb
|
| 016 |
7 |
|
|a 015479216
|2 Uk
|
| 020 |
|
|
|a 9781439902042 (cloth : alk. paper)
|
| 020 |
|
|
|a 1439902046 (cloth : alk. paper)
|
| 020 |
|
|
|a 9781439902059 (pbk. : alk. paper)
|
| 020 |
|
|
|a 1439902054 (pbk. : alk. paper)
|
| 029 |
1 |
|
|a CDX
|b 10480582
|
| 035 |
|
|
|a (OCoLC)ocn424561497
|
| 035 |
|
|
|a (OCoLC)424561497
|
| 040 |
|
|
|a DLC
|c DLC
|d YDX
|d BTCTA
|d UKM
|d ZPX
|d CDX
|d YDXCP
|d BWX
|d UtOrBLW
|
| 049 |
|
|
|a TXAM
|
| 050 |
0 |
0 |
|a NX652.B33
|b B58 2010
|
| 082 |
0 |
0 |
|a 305.48/8961
|2 22
|
| 245 |
0 |
0 |
|a Black Venus, 2010 :
|b they called her "Hottentot" /
|c edited by Deborah Willis ; with research assistance by Carla Williams.
|
| 264 |
|
1 |
|a Philadelphia, Pa. :
|b Temple University Press,
|c 2010.
|
| 300 |
|
|
|a viii, 238 pages, 30 unnumbered pages of plates :
|b illustrations ;
|c 26 cm.
|
| 336 |
|
|
|a text
|b txt
|2 rdacontent
|
| 337 |
|
|
|a unmediated
|b n
|2 rdamedia
|
| 338 |
|
|
|a volume
|b nc
|2 rdacarrier
|
| 504 |
|
|
|a Includes bibliographical references (pages [215]-222) and index.
|
| 600 |
1 |
0 |
|a Baartman, Sarah.
|
| 650 |
|
0 |
|a Arts, Modern.
|
| 700 |
1 |
|
|a Willis, Deborah,
|d 1948-
|
| 938 |
|
|
|a Blackwell Book Service
|b BBUS
|n R7839311
|c $34.95
|
| 938 |
|
|
|a YBP Library Services
|b YANK
|n 3177353
|
| 938 |
|
|
|a Coutts Information Services
|b COUT
|n 10480582
|
| 945 |
|
|
|a PromptCat
|b 993972
|
| 946 |
|
|
|a stk
|
| 947 |
|
|
|a A14840299167
|
| 994 |
|
|
|a 92
|b TXA
|
| 948 |
|
|
|a Cataloged
|b h
|c 2010/6/7
|d c
|e ibarton
|
| 999 |
|
|
|a MARS
|
| 999 |
f |
f |
|s d049ebf6-7c6f-3020-af67-0e00e93c396c
|i 5f19a41d-afad-35cb-9037-456715c87025
|t 0
|
| 952 |
f |
f |
|p normal
|a Texas A&M University
|b College Station
|c Sterling C. Evans Library
|d Evans: Library Stacks
|t 0
|e NX652.B33 B58 2010
|h Library of Congress classification
|i unmediated -- volume
|m A14840299167
|
| 998 |
f |
f |
|a NX652.B33 B58 2010
|t 0
|l Evans: Library Stacks
|